Access to human rights documentation: documentation, databases and bibliographies on human rights

Uloženo v:
Podrobná bibliografie
Korporativní autor: UNESCO
Médium: Text
Vydáno: Paris: UNESCO
Tagy: Přidat tag
Žádné tagy, Buďte první, kdo vytvoří štítek k tomuto záznamu!

MARC

LEADER 00000 a a2200000 04500
001 22390
003
040
090 |a 152600  
110 |a UNESCO  
245 |a Access to human rights documentation: documentation, databases and bibliographies on human rights  
260 |a Paris:   |b UNESCO  
300 |a 129 p.  
999 |c 10699  |d 10699